Theatro critico universal ó Discursos varios en todo género de materias, para desengaño de errores comunes (Record no. 8646)

MARC details
000 -CABECERA
campo de control de longitud fija 01035nam a2200241 a 4500
001 - NÚMERO DE CONTROL
campo de control BRCA_8995
005 - FECHA Y HORA DE LA ÚLTIMA TRANSACCIÓN
campo de control 20190320210503.0
008 - DATOS DE LONGITUD FIJA--INFORMACIÓN GENERAL
campo de control de longitud fija 140717s1734----sp-#######---#000-0#spa-#
041 ## - CÓDIGO DE LENGUA
Código de lengua del texto/banda sonora o título independiente spa
044 ## - CÓDIGO DEL PAÍS DE LA ENTIDAD EDITORA/PRODUCTORA
Código MARC del país sp
084 ## - OTRO NÚMERO DE CLASIFICACIÓN
Número de clasificación LM19(19-19)
Número de documento/Ítem .F49 1734
100 1# - ENTRADA PRINCIPAL--NOMBRE DE PERSONA
Nombre de persona Feyjoo, Benito Geronymo
Fechas asociadas al nombre 1676 - 1764
9 (RLIN) 22326
245 10 - MENCIÓN DE TÍTULO
Título Theatro critico universal ó Discursos varios en todo género de materias, para desengaño de errores comunes
Mención de responsabilidad, etc. escrito por el : R. P. M. Fr. Benito Geronymo Feyjoo...
260 ## - PUBLICACIÓN, DISTRIBUCIÓN, ETC.
Lugar de publicación, distribución, etc. Madrid
Nombre del editor, distribuidor, etc. En la Imprenta de los Herederos de Francisco del Hierro
Fecha de publicación, distribución, etc. 1734
300 ## - DESCRIPCIÓN FÍSICA
Extensión [21], 399 p. (t.6)
Dimensiones 19.7 x 15.2 cm
500 ## - NOTA GENERAL
Nota general Con privilegio
500 ## - NOTA GENERAL
Nota general En portada: Dedicado al Rmo. P. M. Fr. Bernardo Martin, General de la Congregación de S. Benito de España, Inglaterra, &c.
500 ## - NOTA GENERAL
Nota general Estado físico: presenta encuadernación en pergamino con lomo semi desprendido, carece de cintas
650 14 - PUNTO DE ACCESO ADICIONAL DE MATERIA--TÉRMINO DE MATERIA
Término de materia o nombre geográfico como elemento de entrada Teatro
Subdivisión cronológica Siglo XVIII
Subdivisión geográfica España
9 (RLIN) 22177
700 1# - PUNTO DE ACCESO ADICIONAL--NOMBRE DE PERSONA
Nombre de persona Bernardo Martin
9 (RLIN) 22327
902 ## - CATALOGADOR
Iniciales CFM
942 ## - ELEMENTOS DE PUNTO DE ACCESO ADICIONAL (KOHA)
Fuente del sistema de clasificación o colocación Library of Congress Classification
Tipo de ítem Koha Libros
Holdings
Estado de retiro Estado de pérdida Estado dañado No para préstamo Localización permanente Ubicación/localización actual Fecha de adquisición Total de préstamos Signatura topográfica completa Código de barras Fecha visto por última vez Precio válido a partir de Tipo de ítem Koha
El ejemplar forma parte de la colección y puede ser consultado según las políticas vigentes.       Biblioteca del Museo Franz Mayer (Rogerio Casas-Alatriste) Biblioteca del Museo Franz Mayer (Rogerio Casas-Alatriste) 14/07/2017   LM19(19-19) .F49 1734 CFM00278 22/03/2019 22/03/2019 Libros